000 01001cam a2200325 a 4500
001 652868
003 ARRUPE
005 20131127135644.0
008 880526s1988 enk b 001 0 eng d
010 _aGB 88003301
015 _aGB88-3301
020 _a0713990090 :
_c£18.95
035 _a(OCoLC)187322516
035 _a(OCoLC)ocn187322516
035 _a(CStRLIN)NYCG88-B38619
035 _a(NNC)652868
040 _aUk
_cUk
_dDLC
_dCStRLIN
_dNNC
050 _aPR4809.H15
090 _aPR4809.H15
100 1 _aHousman, A. E.
_q(Alfred Edward),
_d1859-1936.
_94230
240 1 0 _aWorks.
_kSelections.
_f1988
245 1 0 _aCollected poems and selected prose /
_cA.E. Housman ; edited with an introduction and notes by Christopher Ricks.
260 _aLondon :
_bA. Lane, Penguin Press,
_c1988.
300 _a528 p. ;
_c24 cm.
500 _aIncludes index.
504 _aBibliography: p. 521.
700 1 _aRicks, Christopher,
_d1933-
_94231
942 _2lcc
_cMONOGRAPH
999 _c118785
_d118785